Music Quiz

Random Music or Lyrics Quiz

Figure Out the Lyrics ('90s Edition) Quiz Stats

 Plays Quiz Updated Feb 23, 2015

Challenge
Share
Tweet
Embed
Score 0/296 Timer 10:00
3 Plays Today
% Correct
[Chorus]
99.3%
[Chorus]
99.3%
I
97.9%
I
97.9%
I
97.9%
I
97.9%
I
97.9%
I
97.9%
I
97.9%
I
97.9%
I
97.9%
I
97.9%
a
95.6%
a
95.6%
A
95.6%
a
95.6%
you
93.3%
you
93.3%
you
93.3%
you
93.3%
you
93.3%
you
93.3%
you
93.3%
you
93.3%
you
93.3%
you
93.3%
you
93.3%
you
93.3%
you
93.3%
you
93.3%
you
93.3%
you
93.3%
you
93.3%
you
93.3%
you
93.3%
you
93.3%
you
93.3%
you
93.3%
you
93.3%
you
93.3%
You
93.3%
you
93.3%
the
90.3%
the
90.3%
me
87.8%
me
87.8%
me,
87.8%
me
87.8%
me
87.8%
me
87.8%
me?
87.8%
G
86.1%
love,
86%
be
85.8%
be
85.8%
be
85.8%
be
85.8%
be
85.8%
be
85.8%
to
83.4%
to
83.4%
YO!
82.7%
wanna (x5)
80.8%
wanna
80.8%
wanna
80.8%
wanna (x5)
80.8%
wanna
80.8%
wanna
80.8%
wanna
80.8%
wanna
80.8%
wanna
80.8%
my
79.9%
my
79.9%
my
79.9%
my
79.9%
my
79.9%
my
79.9%
my
79.9%
my
79.9%
my
79.9%
want,
79.6%
want.
79.6%
want,
79.6%
want.
79.6%
want,
79.6%
want.
79.6%
want,
79.6%
want.
79.6%
want
79.6%
want,
79.6%
want.
79.6%
want,
79.6%
want.
79.6%
want
79.6%
go
79.4%
what
78.7%
what
78.7%
what
78.7%
what
78.7%
% Correct
what
78.7%
what
78.7%
what
78.7%
what
78.7%
what
78.7%
what
78.7%
what
78.7%
what
78.7%
What
78.7%
If
77.8%
If
77.8%
If
77.8%
If
77.8%
If
77.8%
If
77.8%
If
77.8%
an,
77.8%
it
76%
it
76%
it
76%
it
76%
it
76%
it
76%
it
76%
it
76%
So
75%
So
75%
So
75%
So
75%
we
74.7%
We
74.7%
We
74.7%
real?
74.5%
real
74.5%
do
74%
tell
73.9%
tell
73.9%
tell
73.9%
tell
73.9%
tell
73.9%
tell
73.9%
And
73.3%
and
73.3%
and
73.3%
and
73.3%
for
73.2%
for
73.2%
for
73.2%
really
72.4%
really
72.4%
really
72.4%
really
72.4%
really
72.4%
really
72.4%
really
72.4%
really
72.4%
really (x3)
72.4%
really
72.4%
really
72.4%
really
72.4%
really
72.4%
really (x3)
72.4%
really
72.4%
is
72.4%
is.
72.4%
with
71.9%
with
71.9%
with
71.9%
lover,
71.5%
lover,
71.5%
lover,
71.5%
lover.
71.5%
get
69.3%
Get
69.3%
get
69.3%
get
69.3%
I'll
68.9%
I'll
68.9%
[Chorus] I'll
68.9%
I'll
68.9%
I'll
68.9%
Ha,
68.7%
gotta
68.7%
gotta.
68.7%
gotta
68.7%
got
68.6%
got
68.6%
got
68.6%
can
65.6%
are
65.4%
friends.
65.3%
in
63%
in
63%
have
61.6%
that?
61.4%
never
60.4%
your
58.7%
your
58.7%
your
58.7%
% Correct
your
58.7%
your
58.7%
your
58.7%
ends.
55.9%
Z.
55.8%
friendship
55.3%
know
54.7%
V
54.3%
make
54.3%
Make
54.3%
forever,
52.7%
last
52.6%
on
52.3%
too
51.9%
don't
51.9%
how
51.4%
give.
51%
give
51%
zigazig-ha.
48.8%
zigazig-ha.
48.8%
zigazig-ha.
48.8%
but
48%
Now
46.8%
Now
46.8%
just
46.8%
from
46.5%
way
46.3%
time.
45.3%
see.
45.1%
then
45%
all
44.2%
all
44.2%
all
44.2%
easy
43.6%
Easy
43.6%
think
43.3%
as
43.2%
who
42.3%
who
42.3%
like
41.9%
that's
41.7%
about
41.6%
feel.
41.5%
Say
41.5%
say
41.5%
together
39.4%
could
39.3%
better
39.3%
precious
37%
fine.
37%
wasting
36.9%
past.
36.7%
future,
36.6%
won't
36.3%
forget
34.9%
Taking
34.8%
act
34.7%
fast.
34.6%
you'll
33.4%
story
32.9%
here's
32.6%
down
32.1%
down
32.1%
down
32.1%
down
32.1%
body
31.2%
body
31.2%
body
31.2%
body
31.2%
listen
30.9%
try.
30.2%
around.
30.2%
around. (x2)
30.2%
around. (x2)
30.2%
carefully.
27.5%
come
27.1%
face.
26.9%
place
25.7%
goodbye.
25.7%
handle
25.4%
hasty,
23.6%
Em
23%
she's
22.3%
lady.
22.2%
free,
22%
Slam. (x4)
21.3%
Slam
21.3%
Slam
21.3%
Slam
21.3%
Slam
21.3%
wind
20.5%
wind
20.5%
wind
20.5%
bug
20.4%
likes
20.4%
likes
20.4%
doesn't
19.3%
MC
18.8%

You're not logged in!

Compare scores with friends on all Sporcle quizzes.
OR
Log In

You Might Also Like...

Show Comments

Extras

Top Quizzes Today


Score Distribution

Your Account Isn't Verified!

In order to create a playlist on Sporcle, you need to verify the email address you used during registration. Go to your Sporcle Settings to finish the process.

Report this User

Report this user for behavior that violates our Community Guidelines.

Details: